Las formas anatomoclínicas de la tuberculosis tráqueobronquial en sus relaciones con la tuberculosis pulmonar del niño y del adulto / (Record no. 128644)
[ view plain ]
| 000 -LEADER | |
|---|---|
| campo de control de longitud fija | 01024nam a2200241 i 4500 |
| 001 - NÚMERO DE CONTROL | |
| campo de control | 128644 |
| 003 - IDENTIFICADOR DE NÚMERO DE CONTROL | |
| campo de control | ES-MaACL |
| 005 - FECHA Y HORA DE LA ÚLTIMA TRANSACCIÓN | |
| campo de control | 20251012184334.0 |
| 007 - CAMPO FIJO DE DESCRIPCIÓN FÍSICA--INFORMACIÓN GENERAL | |
| campo de control de longitud fija | t| |
| 008 - DATOS DE LONGITUD FIJA--INFORMACIÓN GENERAL | |
| campo de control de longitud fija | 070521s1950 sp ||||1| spa d |
| 080 ## - NÚMERO DE LA CLASIFICACIÓN DECIMAL UNIVERSAL | |
| Número de la Clasificación Decimal Universal | 616.234-002.6 |
| 100 1# - ENTRADA PRINCIPAL--NOMBRE DE PERSONA | |
| Nombre de persona | Tapia, Manuel. |
| 9 (RLIN) | 109229 |
| 245 14 - MENCIÓN DEL TÍTULO | |
| Título | Las formas anatomoclínicas de la tuberculosis tráqueobronquial en sus relaciones con la tuberculosis pulmonar del niño y del adulto / |
| Mención de responsabilidad, etc. | por el doctor Manuel Tapia, con la colaboración de los doctores José Manuel Soares de Oliveira y Luis Cerezo ; con un capítulo sobre la técnica de la broncoscopia por el doctor Antonio da Costa Quinta. |
| 250 ## - MENCION DE EDICION | |
| Mención de edición | 1ª ed. |
| 260 ## - PUBLICACIÓN, DISTRIBUCIÓN, ETC. | |
| Lugar de publicación, distribución, etc. | Madrid : |
| Nombre del editor, distribuidor, etc. | Alhambra, |
| Fecha de publicación, distribución, etc. | [1950] |
| 300 ## - DESCRIPCIÓN FÍSICA | |
| Extensión | 718 p., [32] h. de lám. : |
| Otras características físicas | il. ; |
| Dimensiones | 24 cm. |
| 650 #7 - PUNTO DE ACCESO ADICIONAL DE MATERIA--TÉRMINO DE MATERIA | |
| Término de materia o nombre geográfico como elemento de entrada | Tuberculosis |
| Fuente del encabezamiento o término | embne |
| 9 (RLIN) | 17658 |
| 700 1# - ENTRADA AGREGADA--NOMBRE PERSONAL | |
| Nombre de persona | Soares de Oliverira, José Manuel. |
| 9 (RLIN) | 106977 |
| 700 1# - ENTRADA AGREGADA--NOMBRE PERSONAL | |
| Nombre de persona | Cerezo, Luis. |
| 9 (RLIN) | 37497 |
| 700 1# - ENTRADA AGREGADA--NOMBRE PERSONAL | |
| Nombre de persona | Quinta, A. da Costa, |
| Fechas asociadas al nombre | 1908-1971 |
| 9 (RLIN) | 173491 |
| 852 ## - LOCALIZACIÓN | |
| Ubicación | ES-MaACL |
| Número de control de estantería | E-1441 |
| Estatus retirado | Estado de pérdida | Estado de daño | No para préstamo | Biblioteca de origen | Biblioteca actual | Ubicación en estantería | Fecha de adquisición | Fuente de adquisición | Total de préstamos | Signatura topográfica completa | Código de barras | Visto por última vez | Precio de reemplazo | Tipo de ítem Koha |
|---|---|---|---|---|---|---|---|---|---|---|---|---|---|---|
| Biblioteca del Ateneo de Madrid | Biblioteca del Ateneo de Madrid | Depósito 2 | 17/01/2008 | E-1441 | 1133976 | 23/02/2023 | 23/02/2023 | Libro impreso |
